Southville International School and Colleges
Your cart is empty.
  • Cart
  • Lists
    Public lists Eva Luna New books Lux_list list_1
    Your lists Log in to create your own lists
  • Log in to your account
  • Your cookies
  • Search history
Southville International School and Colleges
  • Advanced search
  • Recent comments
  • Most popular
  • Libraries

Log in to your account

Log in with GOOGLE


If you do not have an external account, but do have a local account, you can still log in:

  1. Home
  2. MARC view: True facts:
Normal view MARC view ISBD view

True facts: (Record no. 115148)

[ view plain ]
MARC details
000 -LEADER
fixed length control field 00466nam a2200157 a 4500
005 - DATE AND TIME OF LATEST TRANSACTION
control field 20140414132123.0
008 - FIXED-LENGTH DATA ELEMENTS--GENERAL INFORMATION
fixed length control field 131217s19uu xx 00 eng d
020 ## - INTERNATIONAL STANDARD BOOK NUMBER
International Standard Book Number 9781407594460
050 ## - LIBRARY OF CONGRESS CALL NUMBER
Classification number REF 031.02
Item number Gue936 2010
100 ## - MAIN ENTRY--PERSONAL NAME
Personal name Guest, John
245 ## - TITLE STATEMENT
Title True facts:
Remainder of title 100sof freaky, scary, gross extraordinary simply unbelievable facts.
260 ## - PUBLICATION, DISTRIBUTION, ETC. (IMPRINT)
Place of publication, distribution, etc United Kingdom :
Name of publisher, distributor, etc Parragon Books,
Date of publication, distribution, etc c2010.
300 ## - PHYSICAL DESCRIPTION
Extent 96
650 ## - SUBJECT ADDED ENTRY--TOPICAL TERM
Topical term or geographic name as entry element Science-
General subdivision facts
Holdings
Withdrawn status Lost status Damaged status Use restrictions Home library Current library Shelving location Date acquired Source of acquisition Total Checkouts Full call number Barcode Date last seen Price effective from Koha item type
        Munich Library Munich Library Reference Section 12/17/2013     REF 031.02 Gue936 2010 M7151 04/14/2014 04/14/2014 Books

True facts:

APA

Guest J., . (2010). True facts. United Kingdom: Parragon Books.

Chicago

Guest John, . 2010. True facts. United Kingdom: Parragon Books.

Harvard

Guest J., . (2010). True facts. United Kingdom: Parragon Books.

MLA

Guest John, . True facts. United Kingdom: Parragon Books. 2010.

  • Place hold
  • Print
  • Cite
  • Add to your cart (remove)
  • Save record
    BIBTEX Dublin Core MARCXML MARC (non-Unicode/MARC-8) MARC (Unicode/UTF-8) MARC (Unicode/UTF-8, Standard) MODS (XML) RIS
  • More searches
    Search for this title in:
    Other Libraries (WorldCat) Other Databases (Google Scholar) Online Stores (Bookfinder.com) Open Library (openlibrary.org)

Exporting to Dublin Core...

SOUTHVILLE LIBRARY

Southville International School and Colleges Library

1281 Tropical Ave. Cor. Luxembourg St., BF Homes International, Las Pinas City

Tel. No. 8256374 / 252358 Loc. 117/146

Powered by Koha